MARC details
| 000 -CABECERA |
| campo de control de longitud fija |
00990cam a2200265 a 4500 |
| 003 - IDENTIFICADOR DEL NÚMERO DE CONTROL |
| campo de control |
UPN |
| 005 - FECHA Y HORA DE LA ÚLTIMA TRANSACCIÓN |
| campo de control |
20250826063927.0 |
| 008 - ELEMENTOS DE LONGITUD FIJA--INFORMACIÓN GENERAL |
| campo de control de longitud fija |
190920s2006 mx fr 000 0 spa d |
| 020 ## - NÚMERO INTERNACIONAL NORMALIZADO PARA LIBROS |
| Número Internacional Estándar del Libro |
9705700192 |
| 035 ## - NÚMERO DE CONTROL DEL SISTEMA |
| Número de control de sistema |
UPN01000233010 |
| 040 ## - FUENTE DE LA CATALOGACIÓN |
| Centro catalogador/agencia de origen |
MX-MxUPN |
| Lengua de catalogación |
spa |
| Centro/agencia transcriptor |
MX-MxUPN |
| 050 #4 - SIGNATURA TOPOGRÁFICA DE LA BIBLIOTECA DEL CONGRESO |
| Número de clasificación |
LC3985 M6 |
| Número de documento/Ítem |
O7.5 |
| 245 00 - MENCIÓN DE TÍTULO |
| Título |
Orientaciones generales para el funcionamiento de los servicios de educación especial |
| 260 ## - PUBLICACIÓN, DISTRIBUCIÓN, ETC. |
| Lugar de publicación, distribución, etc. |
México : |
| Nombre del editor, distribuidor, etc. |
SEP, Dirección General de Desarrollo de la Gestión e Innovación Educativa , |
| Fecha de publicación, distribución, etc. |
2006. |
| 300 ## - DESCRIPCIÓN FÍSICA |
| Extensión |
127 páginas |
| 490 0# - MENCIÓN DE SERIE |
| Mención de serie |
Documentos para fortalecer la gestión escolar |
| 650 #4 - ASIENTO SECUNDARIO DE MATERIA - TERMINO TEMATICO |
| Término de materia o nombre geográfico como elemento de entrada |
Educación especial |
| Subdivisión geográfica |
México |
| 9 (RLIN) |
4834 |
| 650 10 - ASIENTO SECUNDARIO DE MATERIA - TERMINO TEMATICO |
| 9 (RLIN) |
24097 |
| Término de materia o nombre geográfico como elemento de entrada |
Escuelas de educación especial |
| 700 1# - ASIENTO SECUNDARIO--NOMBRE DE PERSONAL |
| 9 (RLIN) |
44394 |
| Nombre de persona |
Castellano Pérez, Ernesto |
| Término indicativo de función/relación |
coordinador |
| 700 1# - ASIENTO SECUNDARIO--NOMBRE DE PERSONAL |
| 9 (RLIN) |
33455 |
| Nombre de persona |
Escandón Minutti, María del Carmen |
| Término indicativo de función/relación |
coordinador |
| 710 1# - ASIENTO SECUNDARIO - NOMBRE CORPORATIVO |
| Nombre de entidad corporativa o nombre de jurisdicción como elemento de entrada |
México. |
| Unidad subordinada |
Secretaría de Educación Pública |
| Término indicativo de función/relación |
editor |
| 9 (RLIN) |
44381 |
| 905 ## - TIPO DE MATERIAL |
| Tipo de material |
Libro |
| 942 ## - ELEMENTOS DE PUNTO DE ACCESO ADICIONAL (KOHA) |
| Fuente del sistema de clasificación o colocación |
Library of Congress Classification |
| Tipo de ítem Koha |
Libro |